<?xml version="1.0" encoding="UTF-8"?>
<collection xmlns="http://www.loc.gov/MARC21/slim">
 <record>
  <leader>02552nam a22003017a 4500</leader>
  <controlfield tag="001">NCT_4_009472</controlfield>
  <controlfield tag="008">240617b        xxu||||| |||| 00| 0 vie d</controlfield>
  <datafield tag="999" ind1=" " ind2=" ">
   <subfield code="c">8416</subfield>
   <subfield code="d">8416</subfield>
  </datafield>
  <datafield tag="020" ind1=" " ind2=" ">
   <subfield code="a">9786044710235</subfield>
   <subfield code="c">195000</subfield>
  </datafield>
  <datafield tag="082" ind1="0" ind2="4">
   <subfield code="2">23rd ed.</subfield>
   <subfield code="a">629.287</subfield>
   <subfield code="b">H523</subfield>
  </datafield>
  <datafield tag="100" ind1="0" ind2=" ">
   <subfield code="a">Đức Huy</subfield>
  </datafield>
  <datafield tag="245" ind1="1" ind2="0">
   <subfield code="a">Kỹ thuật sửa chữa ô tô nâng cao</subfield>
   <subfield code="c">Đức Huy</subfield>
  </datafield>
  <datafield tag="260" ind1=" " ind2=" ">
   <subfield code="a">H.</subfield>
   <subfield code="b">Bách khoa Hà Nội</subfield>
   <subfield code="c">2023</subfield>
  </datafield>
  <datafield tag="300" ind1=" " ind2=" ">
   <subfield code="a">440 tr.</subfield>
   <subfield code="b">Ảnh, hình vẽ, bảng</subfield>
   <subfield code="c">24cm</subfield>
  </datafield>
  <datafield tag="520" ind1="3" ind2=" ">
   <subfield code="a">Quyển sách giới thiệu kiến thức cơ bản về sửa chữa, bảo dưỡng ô tô. Trình bày cấu tạo cơ bản và nguyên lý hoạt động của động cơ, hệ thống điện tử, hộp số, hệ thống phanh, hệ thống thiết bị điện, hệ thống di chuyển và chuyển hướng</subfield>
  </datafield>
  <datafield tag="653" ind1=" " ind2=" ">
   <subfield code="a">Công nghệ kỹ thuật ô tô</subfield>
  </datafield>
  <datafield tag="942" ind1=" " ind2=" ">
   <subfield code="2">ddc</subfield>
   <subfield code="c">BK</subfield>
  </datafield>
  <datafield tag="952" ind1=" " ind2=" ">
   <subfield code="0">0</subfield>
   <subfield code="1">0</subfield>
   <subfield code="2">ddc</subfield>
   <subfield code="4">0</subfield>
   <subfield code="6">629_287000000000000_H523</subfield>
   <subfield code="7">0</subfield>
   <subfield code="9">29050</subfield>
   <subfield code="a">000001</subfield>
   <subfield code="b">000001</subfield>
   <subfield code="d">2024-06-17</subfield>
   <subfield code="o">629.287 H523</subfield>
   <subfield code="p">MD.22510</subfield>
   <subfield code="r">2024-06-17</subfield>
   <subfield code="v">195000.00</subfield>
   <subfield code="w">2024-06-17</subfield>
   <subfield code="y">BK</subfield>
  </datafield>
  <datafield tag="952" ind1=" " ind2=" ">
   <subfield code="0">0</subfield>
   <subfield code="1">0</subfield>
   <subfield code="2">ddc</subfield>
   <subfield code="4">0</subfield>
   <subfield code="6">629_287000000000000_H523</subfield>
   <subfield code="7">0</subfield>
   <subfield code="9">29051</subfield>
   <subfield code="a">000001</subfield>
   <subfield code="b">000001</subfield>
   <subfield code="d">2024-06-17</subfield>
   <subfield code="o">629.287 H523</subfield>
   <subfield code="p">MD.22511</subfield>
   <subfield code="r">2024-06-17</subfield>
   <subfield code="v">195000.00</subfield>
   <subfield code="w">2024-06-17</subfield>
   <subfield code="y">BK</subfield>
  </datafield>
  <datafield tag="952" ind1=" " ind2=" ">
   <subfield code="0">0</subfield>
   <subfield code="1">0</subfield>
   <subfield code="2">ddc</subfield>
   <subfield code="4">0</subfield>
   <subfield code="6">629_287000000000000_H523</subfield>
   <subfield code="7">0</subfield>
   <subfield code="9">29052</subfield>
   <subfield code="a">000001</subfield>
   <subfield code="b">000001</subfield>
   <subfield code="d">2024-06-17</subfield>
   <subfield code="o">629.287 H523</subfield>
   <subfield code="p">MD.22512</subfield>
   <subfield code="r">2024-06-17</subfield>
   <subfield code="v">195000.00</subfield>
   <subfield code="w">2024-06-17</subfield>
   <subfield code="y">BK</subfield>
  </datafield>
  <datafield tag="952" ind1=" " ind2=" ">
   <subfield code="0">0</subfield>
   <subfield code="1">0</subfield>
   <subfield code="2">ddc</subfield>
   <subfield code="4">0</subfield>
   <subfield code="6">629_287000000000000_H523</subfield>
   <subfield code="7">0</subfield>
   <subfield code="9">29053</subfield>
   <subfield code="a">000001</subfield>
   <subfield code="b">000001</subfield>
   <subfield code="d">2024-06-17</subfield>
   <subfield code="o">629.287 H523</subfield>
   <subfield code="p">MD.22513</subfield>
   <subfield code="r">2024-06-17</subfield>
   <subfield code="v">195000.00</subfield>
   <subfield code="w">2024-06-17</subfield>
   <subfield code="y">BK</subfield>
  </datafield>
  <datafield tag="952" ind1=" " ind2=" ">
   <subfield code="0">0</subfield>
   <subfield code="1">0</subfield>
   <subfield code="2">ddc</subfield>
   <subfield code="4">0</subfield>
   <subfield code="6">629_287000000000000_H523</subfield>
   <subfield code="7">0</subfield>
   <subfield code="9">29054</subfield>
   <subfield code="a">000001</subfield>
   <subfield code="b">000001</subfield>
   <subfield code="d">2024-06-17</subfield>
   <subfield code="o">629.287 H523</subfield>
   <subfield code="p">MD.22514</subfield>
   <subfield code="r">2024-06-17</subfield>
   <subfield code="v">195000.00</subfield>
   <subfield code="w">2024-06-17</subfield>
   <subfield code="y">BK</subfield>
  </datafield>
  <datafield tag="952" ind1=" " ind2=" ">
   <subfield code="0">0</subfield>
   <subfield code="1">0</subfield>
   <subfield code="2">ddc</subfield>
   <subfield code="4">0</subfield>
   <subfield code="6">629_287000000000000_H523</subfield>
   <subfield code="7">0</subfield>
   <subfield code="9">29055</subfield>
   <subfield code="a">000001</subfield>
   <subfield code="b">000001</subfield>
   <subfield code="d">2024-06-17</subfield>
   <subfield code="o">629.287 H523</subfield>
   <subfield code="p">MD.22515</subfield>
   <subfield code="r">2024-06-17</subfield>
   <subfield code="v">195000.00</subfield>
   <subfield code="w">2024-06-17</subfield>
   <subfield code="y">BK</subfield>
  </datafield>
  <datafield tag="952" ind1=" " ind2=" ">
   <subfield code="0">0</subfield>
   <subfield code="1">0</subfield>
   <subfield code="2">ddc</subfield>
   <subfield code="4">0</subfield>
   <subfield code="6">629_287000000000000_H523</subfield>
   <subfield code="7">0</subfield>
   <subfield code="9">29056</subfield>
   <subfield code="a">000001</subfield>
   <subfield code="b">000001</subfield>
   <subfield code="d">2024-06-17</subfield>
   <subfield code="o">629.287 H523</subfield>
   <subfield code="p">MD.22516</subfield>
   <subfield code="r">2024-06-17</subfield>
   <subfield code="v">195000.00</subfield>
   <subfield code="w">2024-06-17</subfield>
   <subfield code="y">BK</subfield>
  </datafield>
  <datafield tag="952" ind1=" " ind2=" ">
   <subfield code="0">0</subfield>
   <subfield code="1">0</subfield>
   <subfield code="2">ddc</subfield>
   <subfield code="4">0</subfield>
   <subfield code="6">629_287000000000000_H523</subfield>
   <subfield code="7">0</subfield>
   <subfield code="9">29057</subfield>
   <subfield code="a">000001</subfield>
   <subfield code="b">000001</subfield>
   <subfield code="d">2024-06-17</subfield>
   <subfield code="o">629.287 H523</subfield>
   <subfield code="p">MD.22517</subfield>
   <subfield code="r">2024-06-17</subfield>
   <subfield code="v">195000.00</subfield>
   <subfield code="w">2024-06-17</subfield>
   <subfield code="y">BK</subfield>
  </datafield>
  <datafield tag="952" ind1=" " ind2=" ">
   <subfield code="0">0</subfield>
   <subfield code="1">0</subfield>
   <subfield code="2">ddc</subfield>
   <subfield code="4">0</subfield>
   <subfield code="6">629_287000000000000_H523</subfield>
   <subfield code="7">0</subfield>
   <subfield code="9">29058</subfield>
   <subfield code="a">000001</subfield>
   <subfield code="b">000001</subfield>
   <subfield code="d">2024-06-17</subfield>
   <subfield code="o">629.287 H523</subfield>
   <subfield code="p">MD.22518</subfield>
   <subfield code="r">2024-06-17</subfield>
   <subfield code="v">195000.00</subfield>
   <subfield code="w">2024-06-17</subfield>
   <subfield code="y">BK</subfield>
  </datafield>
  <datafield tag="952" ind1=" " ind2=" ">
   <subfield code="0">0</subfield>
   <subfield code="1">0</subfield>
   <subfield code="2">ddc</subfield>
   <subfield code="4">0</subfield>
   <subfield code="6">629_287000000000000_H523</subfield>
   <subfield code="7">0</subfield>
   <subfield code="9">29229</subfield>
   <subfield code="a">000001</subfield>
   <subfield code="b">000001</subfield>
   <subfield code="d">2024-06-27</subfield>
   <subfield code="o">629.287 H523</subfield>
   <subfield code="p">MD.22587</subfield>
   <subfield code="r">2024-06-27</subfield>
   <subfield code="v">195000.00</subfield>
   <subfield code="w">2024-06-27</subfield>
   <subfield code="y">BK</subfield>
  </datafield>
  <datafield tag="980" ind1=" " ind2=" ">
   <subfield code="a">Thư viện Trường Đại học Nam Cần Thơ</subfield>
  </datafield>
 </record>
</collection>
